La organización de las profesiones / (Record no. 131095)

MARC details
000 -LEADER
campo de control de longitud fija 00525nam a2200181 4500
001 - NÚMERO DE CONTROL
campo de control 131095
003 - IDENTIFICADOR DE NÚMERO DE CONTROL
campo de control ES-MaACL
005 - FECHA Y HORA DE LA ÚLTIMA TRANSACCIÓN
campo de control 20230906193920.0
007 - CAMPO FIJO DE DESCRIPCIÓN FÍSICA--INFORMACIÓN GENERAL
campo de control de longitud fija t|
008 - DATOS DE LONGITUD FIJA--INFORMACIÓN GENERAL
campo de control de longitud fija 070214s1948 sp r ||||1| spa d
100 1# - ENTRADA PRINCIPAL--NOMBRE DE PERSONA
Nombre de persona Roda, Rafael de.
9 (RLIN) 98092
245 13 - MENCIÓN DEL TÍTULO
Título La organización de las profesiones /
Mención de responsabilidad, etc. Rafael de Roda.
260 ## - PUBLICACIÓN, DISTRIBUCIÓN, ETC.
Lugar de publicación, distribución, etc. Madrid :
Nombre del editor, distribuidor, etc. Reus,
Fecha de publicación, distribución, etc. 1948.
300 ## - DESCRIPCIÓN FÍSICA
Extensión 180 p. ;
Dimensiones 20 cm.
500 ## - NOTA GENERAL
Nota general Precede al Tit : Instituciones Sociales.
852 ## - LOCALIZACIÓN
Ubicación ES-MaACL
Número de control de estantería C-11801
Sublocalización o colección R.38861
852 ## - LOCALIZACIÓN
Ubicación ES-MaACL
Número de control de estantería C-5636
Sublocalización o colección R.26168
Holdings
Estatus retirado Estado de pérdida Estado de daño No para préstamo Biblioteca de origen Biblioteca actual Ubicación en estantería Fecha de adquisición Fuente de adquisición Total de préstamos Signatura topográfica completa Código de barras Visto por última vez Precio de reemplazo Tipo de ítem Koha
        Biblioteca del Ateneo de Madrid Biblioteca del Ateneo de Madrid Sala Palomar 17/01/2008     C-5636 1136485 23/02/2023 23/02/2023 Libro impreso
        Biblioteca del Ateneo de Madrid Biblioteca del Ateneo de Madrid Sala Palomar 17/01/2008     C-11801 1136484 23/02/2023 23/02/2023 Libro impreso